Los 100 que mandan en Chile

Gespeichert in:
Bibliographische Detailangaben
Hauptverfasser: Melnick, Sergio I. (autor), Hales, Jaime (VerfasserIn)
Format: Buch
Sprache:Spanisch
Veröffentlicht: Santiago Aguilar Chilena 2010
Ausgabe:2a. ed
Schlagworte:
Tags: Tag hinzufügen
Keine Tags, Fügen Sie den ersten Tag hinzu!

MARC

LEADER 00000nam a2200000 a 4500
001 UCG5090
003 CL-VaPUC
008 110106e20100000CL |||||||||||||||||spa|d
020 |a 9789562397223 
082 0 4 |a 303  |b MEL  |2 21 
100 |a Melnick, Sergio I.  |e autor  |9 470390 
700 0 |a Hales, Jaime  |e author  |9 554644 
245 1 4 |a Los 100 que mandan en Chile 
250 |a 2a. ed 
300 |a 277 p 
942 |c BK 
945 |d 20110106 00:00:00  |a cmena 
260 |a Santiago  |b Aguilar Chilena  |c 2010 
650 0 |a Poder político  |9 255509 
650 7 |a PODERES PUBLICOS  |2 CL-VaPUC  |9 256979 
650 0 |a Historia de Chile  |9 265473 
650 0 |a Procesos sociales  |9 337802 
650 0 |a Partidos políticos  |9 254999 
650 7 |a PODER ECONOMICO  |2 CL-VaPUC  |9 338221 
651 7 |a CHILE  |2 CL-VaPUC  |9 554645 
583 |a last modification  |c 20110106 00:00:00  |k Rodrigo Vera 
999 |c 343661  |d 343659 
952 |0 0  |1 0  |4 0  |6 303_000000000000000_MEL_2010  |7 0  |8 C  |9 441169  |a BIBCUR  |b BIBCUR  |d 2019-11-22  |i 4748859  |o 303 MEL 2010  |p 4748859  |r 2025-04-22  |w 2019-11-22  |y BK  |k CAC